<?xml version="1.0" encoding="UTF-8"?>
<marc:record xmlns:marc="http://www.loc.gov/MARC21/slim">
   <marc:leader>00000nam a2200000 a 4500</marc:leader>
   <marc:datafield ind1="1" ind2=" " tag="100">
      <marc:subfield code="a">Sapkowski, Andrzej</marc:subfield>
      <marc:subfield code="4">aut</marc:subfield>
      <marc:subfield code="e">Verfasser/-in</marc:subfield>
   </marc:datafield>
   <marc:datafield ind1="1" ind2=" " tag="100">
      <marc:subfield code="a">Simon, Erik</marc:subfield>
      <marc:subfield code="4">trl</marc:subfield>
      <marc:subfield code="e">Übersetzer/-in</marc:subfield>
   </marc:datafield>
   <marc:datafield ind1="0" ind2="0" tag="245">
      <marc:subfield code="a">Der Hexer/Der letzte Wunsch</marc:subfield>
   </marc:datafield>
   <marc:datafield ind1="0" ind2="0" tag="245">
      <marc:subfield code="b">Vorgeschichte 1 zur Hexer-Saga</marc:subfield>
   </marc:datafield>
   <marc:datafield ind1=" " ind2="1" tag="264">
      <marc:subfield code="a">München</marc:subfield>
      <marc:subfield code="b">dtv Verlagsgesellschaft</marc:subfield>
      <marc:subfield code="c">2020</marc:subfield>
   </marc:datafield>
   <marc:datafield ind1="1" ind2=" " tag="490">
      <marc:subfield code="a">Die Vorgeschichte zur Hexer-Saga</marc:subfield>
      <marc:subfield code="v">1</marc:subfield>
   </marc:datafield>
   <marc:datafield ind1="1" ind2=" " tag="520">
      <marc:subfield code="a">Angaben aus der Verlagsmeldung&lt;br/&gt;&lt;br/&gt;Der letzte Wunsch : , Vorgeschichte 1 zur Hexer-Saga Ostatnie Zyczenie Sapkowski,Letzte Wunsch / von Andrzej Sapkowski&lt;br/&gt;&lt;br/&gt;Die Bücher zur NETFLIX-Serie  Die Vorgeschichte 1 in der opulenten Fan-Edition&lt;br/&gt;&lt;br/&gt;Der Hexer Geralt von Riva verdient sein Geld mit Kämpfen gegen Ungeheuer aller Art. Über einen Mangel an Aufträgen kann er sich nicht beklagen, denn es gibt genügend Leute, die dringend Hilfe gegen Vampire, Drachen und andere dämonische Wesen brauchen. Als Geralt eines Tages einen Luftgeist befreit, schlägt ihn dieser mit der verhängnisvollen und quälenden Liebe zu der schönen Zauberin Yennefer. Und dann wird Geralts bester Freund schwer verletzt und braucht seine Hilfe...&lt;br/&gt;&lt;br/&gt;Das gleichnamige Hörbuch erscheint bei JUMBO. Weitere Informationen finden Sie hier.</marc:subfield>
   </marc:datafield>
   <marc:datafield ind1=" " ind2=" " tag="020">
      <marc:subfield code="a">9783423262644</marc:subfield>
      <marc:subfield code="9">9783423262644</marc:subfield>
   </marc:datafield>
   <marc:datafield ind1=" " ind2=" " tag="041">
      <marc:subfield code="a">ger</marc:subfield>
   </marc:datafield>
   <marc:datafield ind1="1" ind2=" " tag="521">
      <marc:subfield code="a">0</marc:subfield>
   </marc:datafield>
   <marc:datafield ind1=" " ind2=" " tag="300">
      <marc:subfield code="a">384 Seiten</marc:subfield>
   </marc:datafield>
</marc:record>
